header

Introduction to 3D data (Record no. 133283)

MARC details
000 -LEADER
fixed length control field 01306nam a2200337 a 4500
082 04 - DEWEY DECIMAL CLASSIFICATION NUMBER
Classification number 005.74/3
100 1# - MAIN ENTRY--AUTHOR NAME
Personal name Kennedy, Heather.
245 10 - TITLE STATEMENT
Title Introduction to 3D data
260 ## - PUBLICATION, DISTRIBUTION, ETC. (IMPRINT)
Place of publication Hoboken, N.J. :
Name of publisher John Wiley,
Year of publication c2009.
300 ## - PHYSICAL DESCRIPTION
Number of Pages xi, 332 p. :
Other physical details ill., maps.
500 ## - GENERAL NOTE
General note Includes index.
650 #0 - SUBJECT ADDED ENTRY--TOPICAL TERM
Topical Term Geographic information systems.
Topical Term Three-dimensional display systems.
856 40 - ELECTRONIC LOCATION AND ACCESS
Uniform Resource Identifier http://site.ebrary.com/lib/rucke/Doc?id=10438366

No items available.

© 2026 Rongo University
Contact us: librarian | system librarian | Rongo university